Statistiques concernant Répartition nationalité en premier league

Cliquez ici pour prendre le quiz!

Statistiques générales

  • Ce quiz a été pris 120 fois
  • Le résultat moyen est 13 sur 15

Statistiques - réponses

Hint9Réponse% Correct
241Angleterre
99%
34Espagne
99%
33France
98%
12Allemagne
94%
26Portugal
94%
11Belgique
90%
36Brésil
89%
19Irlande
89%
13Argentine
88%
17Pays-bas
88%
21Ecosse
80%
9Ghana/Cote d'ivoire/Suède
76%
8USA/Nigéria/Colombie
74%
18Pays de galles
72%
15Danemark
63%

Distribution des résultats

Percentile par nombre de réponses

% des personnes avec chaque résultat

Votre développement - résultats

Vous n’avez pas pris ce quiz